Statistics for Benson Boone songs by Emojis🧑🏼‍🦱

Click here to take the quiz!

General Stats

  • This quiz has been taken 281 times
  • The average score is 5 of 8

Answer Stats

EmojisSong% Correct
👻🏙GHOST TOWN
94%
☕🍰Coffee Cake
78%
➡✨In The Stars
76%
🍬🍭Sugar Sweet
69%
🖼🖌Work Of Art
59%
❤📦Empty Heart Shaped Box
56%
🤏🏼🏃🏼‍♀Little Runaway
56%
👩🏽‍🤝‍👨🏼➡🧍🏼‍♂Better Alone
39%

Score Distribution

Percentile by Number Answered

Percent of People with Each Score

Your Score History

You have not taken this quiz